Symbol to element of the periodic table - Statistics

General Stats
  • This quiz has been taken 51 times
  • The average score is 74 of 118
Answer Stats
Hint Answer % Correct
Al Aluminium
100%
Ar Argon
100%
C Carbon
100%
Cl Chlorine
100%
Cu Copper
100%
F Fluorine
100%
He Helium
100%
H Hydrogen
100%
Fe Iron
100%
Li Lithium
100%
Mg Magnesium
100%
N Nitrogen
100%
O Oxygen
100%
K Potassium
100%
Si Silicon
100%
Na Sodium
100%
Zn ZInc
100%
As Arsenic
95%
Be Beryllium
95%
B Boron
95%
Co Cobalt
95%
Ga Gallium
95%
Ni Nickel
95%
Ti Titanium
95%
Ca Calcium
90%
S Sulphur
90%
Kr Krypton
90%
Mn Manganese
90%
P Phosphorus
90%
Sc Scandium
90%
Ag Silver
90%
Xe Xenon
90%
Cd Cadmium
85%
Cs Caesium
85%
Ge Germanium
85%
Ne Neon
85%
Br Bromine
80%
Cr Chromium
80%
I Iodine
80%
Y Yttrium
80%
Zr Zirconium
80%
Rb Rubidium
75%
V Vanadium
75%
Ba Barium
70%
Au Gold
70%
In Indium
70%
Hg Mercury
65%
Se Selenium
65%
Sr Strontium
65%
Sn Tin
65%
Sb Antimony
60%
Pb Lead
60%
Nb Niobium
60%
Pa Palladium
60%
Rf Rutherfordium
60%
Tc Technetium
60%
Ac Actinium
55%
Fr Francium
55%
Hf Hafnium
55%
Ir Iridium
55%
Lr Lawrencium
55%
Te Tellurium
55%
Am Americium
50%
Bi Bismuth
50%
Fm Fermium
50%
La Lanthanum
50%
Og Oganesson
50%
Os Osmium
50%
Ru Ruthenium
50%
U Uranium
50%
Bk Berkelium
45%
Ce Cerium
45%
Cm Curium
45%
Es Einsteinium
45%
Eu Europium
45%
Mo Molybdenum
45%
Np Neptunium
45%
No Nobelium
45%
Pt Platinum
45%
Po Polonium
45%
Pr Praseodymium
45%
Ra Radium
45%
Rn Radon
45%
Re Rhenium
45%
Rh Rhodium
45%
Sm Samarium
45%
W Tungsten
45%
Yb Ytterbium
45%
At Astatine
40%
Cf Californium
40%
Db Dubnium
40%
Nd Neodymium
40%
Pu Plutonium
40%
Ts Tennessine
40%
Bh Bohrium
35%
Er Erbium
35%
Gd Gadolinium
35%
Hs Hassium
35%
Lv Livermorium
35%
Mt Meitnerium
35%
Md Mendelevium
35%
Nh Nihonium
35%
Pm Promethium
35%
Rg Roentgenium
35%
Sg Seaborgium
35%
Ta Tantalum
35%
Tb Terbium
35%
Tl Thallium
35%
Th Thorium
35%
Ds Darmstadtium
30%
Dy Dysprosium
30%
Fl Flerovium
30%
Ho Holmium
30%
Lu Lutetium
30%
Mc Moscovium
30%
Pa Protactinium
30%
Cn Copernicium
25%
Tm Thulium
25%
No matching quizzes found
Score Distribution
Percent of People with Each Score
Percentile by Number Answered
Your Score History
You have not taken this quiz